000 00616pam a2200181 a 4500
020 _a0309046602
082 0 0 _a624.162
_bNAT
_cD
110 _aNational Research council
_937043
245 0 0 _aReinforced layered systems.
260 _aWashington, D.C. :
_bTransportation Research Board, National Research Council,
_c1987.
300 _aiv, 45 p. :
_bill. ;
_c28 cm.
526 _a0
_b0
_c0
_d624_162000000000000_NAT
650 0 _aGeotextiles.
_942723
650 0 _aMCE
_xDesign and construction.
_942724
650 0 _aSoil stabilization.
_913080
710 2 _aNational Research Council (U.S.).
_920017
942 _2ddc
_cBK
999 _c546573
_d546573